000 00262nam a22001097a 4500
008 170111b xxu||||| |||| 00| 0 eng d
020 _a9780781781619
041 _aeng
080 _24TH
_a618.2
245 _aHEALTH ASSESSMENT IN NURSING
_cWEBER, J
942 _2udc
_cBK
999 _c2715
_d2715